[Event "Belorechensk Seniors op"]
[Site "Belorechensk"]
[Date "2013.02.17"]
[Round "5"]
[White "Ostrovsky, Alexander"]
[Black "Malyuga, Valentin"]
[Result "1-0"]
[WhiteElo "2324"]
[BlackElo "2166"]
[PlyCount "87"]
[EventDate "2013.02.13"]
[EventType "swiss"]
[EventRounds "9"]
[EventCountry "RUS"]
[SourceTitle "CBM 153 Extra"]
[Source "ChessBase"]
[SourceDate "2013.04.22"]
[SourceVersion "1"]
[SourceVersionDate "2013.04.22"]
[SourceQuality "1"]

1. e4 c5 2. Nf3 e6 3. c3 Nc6 4. Bb5 Nf6 5. e5 Nd5 6. 0-0 Be7 7. d4 cxd4 8. cxd4 Qb6 9. Bc4 Nc7 10. Nc3 d5 11. Be2 a6 12. a3 Bd7 13. b4 Qa7 14. Be3 b5 15. Bd3 h6 16. Nd2 Nxe5 17. dxe5 d4 18. Nxb5 axb5 19. Bf4 Nd5 20. Bg3 Rc8 21. Ne4 Nc3 22. Qg4 Kf8 23. h4 h5 24. Qf4 Nxe4 25. Bxe4 Rc3 26. Rad1 Be8 27. Bb1 Qxa3 28. Rxd4 Rb3 29. Qe4 Rxb4 30. Bf4 Rxd4 31. Qxd4 Qa4 32. Qd2 Bxh4 33. Rc1 b4 34. Rc7 b3 35. g3 g5 36. Be3 Qg4 37. Bc5+ Kg7 38. Be7 Bxg3 39. Bf6+ Kg8 40. f3 Bf4+ 41. fxg4 Bxd2 42. Bxh8 Kxh8 43. Rc8 hxg4 44. Rxe8+ 1-0

[Event "Doroshkevich Memorial op"]
[Site "Sochi"]
[Date "2012.11.30"]
[Round "5"]
[White "Gochelashvili, David"]
[Black "Ostrovsky, Alexander"]
[Result "1-0"]
[WhiteElo "2419"]
[BlackElo "2343"]
[PlyCount "89"]
[EventDate "2012.11.26"]
[EventType "swiss"]
[EventRounds "9"]
[EventCountry "RUS"]
[SourceTitle "EXT 2014"]
[Source "ChessBase"]
[SourceDate "2013.11.20"]
[SourceVersion "1"]
[SourceVersionDate "2013.11.20"]
[SourceQuality "1"]

1. Nf3 d5 2. g3 Bg4 3. Bg2 Nd7 4. 0-0 c6 5. d3 Ngf6 6. h3 Bxf3 7. Bxf3 e6 8. Bg2 Bc5 9. c4 0-0 10. Nc3 a5 11. b3 Qb8 12. Bb2 Rd8 13. d4 Be7 14. e3 b5 15. Qe2 b4 16. Na4 Nb6 17. Nc5 a4 18. Qc2 Qa7 19. Nd3 Nbd7 20. c5 Rdb8 21. f3 Ne8 22. f4 Nc7 23. Bc1 axb3 24. Qxb3 Na6 25. Bd2 Qc7 26. Rfb1 f6 27. Nxb4 Nxb4 28. Bxb4 Kh8 29. a4 e5 30. Qc2 exd4 31. exd4 f5 32. Qxf5 Bf6 33. Qd3 Rxb4 34. Rxb4 Nxc5 35. Qd2 Qa7 36. Rab1 Ne6 37. Kh2 g6 38. Rb6 Qxa4 39. R1b4 Qa1 40. Rxc6 Bxd4 41. Rc1 Ra2 42. Qd1 Rxg2+ 43. Kxg2 Qa7 44. Qe2 Qd7 45. Rxd4 1-0

[Event "RUS-ch Seniors"]
[Site "Odintsovo"]
[Date "2011.04.25"]
[Round "7"]
[White "Balashov, Yuri S"]
[Black "Ostrovsky, Alexander"]
[Result "1-0"]
[WhiteElo "2414"]
[BlackElo "2356"]
[PlyCount "75"]
[EventDate "2011.04.19"]
[EventType "swiss"]
[EventRounds "9"]
[EventCountry "RUS"]
[SourceTitle "CBM 142 Extra"]
[Source "ChessBase"]
[SourceDate "2011.06.27"]
[SourceVersion "1"]
[SourceVersionDate "2011.06.27"]
[SourceQuality "1"]

1. c4 c6 2. e4 d5 3. exd5 cxd5 4. cxd5 Nf6 5. Nc3 Nxd5 6. Nf3 Nc6 7. Bb5 e6 8. 0-0 Be7 9. Re1 0-0 10. d4 Bd7 11. Bd3 Rc8 12. a3 Nxc3 13. bxc3 Bf6 14. Rb1 b6 15. Ba6 Ra8 16. Bf4 Bc8 17. Bd3 Bb7 18. Be4 Na5 19. Bxb7 Nxb7 20. c4 Na5 21. Qd3 Rc8 22. Rbc1 Qd7 23. Bg5 Qd8 24. Bd2 Nc6 25. d5 Qd7 26. Bg5 Bd8 27. Rcd1 exd5 28. cxd5 Na5 29. Ne5 Qd6 30. Bf4 Bc7 31. g3 Qd8 32. d6 Bb8 33. d7 Rc5 34. Nxf7 Kxf7 35. Bxb8 Nc4 36. Bc7 Qxc7 37. Qf3+ Kg8 38. Re8 1-0

[Event "Dvorkovich Memorial op 4th"]
[Site "Taganrog"]
[Date "2009.08.10"]
[Round "9"]
[White "Kotenko, Pavel"]
[Black "Ostrovsky, Alexander"]
[Result "1/2-1/2"]
[WhiteElo "2401"]
[BlackElo "2372"]
[PlyCount "34"]
[EventDate "2009.08.02"]
[EventType "swiss"]
[EventRounds "9"]
[EventCountry "RUS"]
[SourceTitle "EXT 2022"]
[Source "ChessBase"]
[SourceDate "2021.10.06"]
[SourceVersion "1"]
[SourceVersionDate "2021.10.06"]
[SourceQuality "1"]

1. e4 e5 2. Nf3 Nc6 3. Bb5 g6 4. d4 exd4 5. Nxd4 Bg7 6. Be3 Nge7 7. Nc3 0-0 8. Qd2 a6 9. Be2 d5 10. exd5 Nxd5 11. Nxc6 bxc6 12. Rd1 Bf5 13. Nxd5 Qxd5 14. Qxd5 cxd5 15. c3 c6 16. 0-0 a5 17. Rd2 Rfb8 1/2-1/2

[Event "Moscow Aeroflot op-C"]
[Site "Moscow"]
[Date "2006.02.14"]
[Round "8"]
[White "Ostrovsky, Alexander"]
[Black "Tarasova, Viktoriya"]
[Result "1-0"]
[WhiteElo "2379"]
[BlackElo "2276"]
[PlyCount "65"]
[EventDate "2006.02.07"]
[EventType "swiss"]
[EventRounds "9"]
[EventCountry "RUS"]
[SourceTitle "EXT 2007"]
[Source "ChessBase"]
[SourceDate "2006.11.23"]
[SourceVersion "1"]
[SourceVersionDate "2006.11.23"]
[SourceQuality "1"]

1. c4 Nf6 2. g3 g6 3. Bg2 Bg7 4. Nc3 d6 5. e3 0-0 6. Nge2 e5 7. 0-0 Nc6 8. d4 Nd7 9. b3 f5 10. dxe5 Ndxe5 11. Ba3 g5 12. c5 dxc5 13. Bxc5 Re8 14. Qxd8 Rxd8 15. Rad1 Be6 16. Nd4 Nxd4 17. exd4 Nc6 18. Nb5 Rd7 19. d5 Rad8 20. Nxc7 Bf7 21. dxc6 Rxd1 22. cxb7 Be5 23. Na6 R1d2 24. Nb4 Be8 25. Bxa7 Bb5 26. a4 Bxf1 27. Bxf1 Bd6 28. Bc4+ Kg7 29. Nc6 Re8 30. b8Q Bxb8 31. Bxb8 Re1+ 32. Kg2 g4 33. Be5+ 1-0

[Event "Moscow Aeroflot op-C"]
[Site "Moscow"]
[Date "2006.02.12"]
[Round "6"]
[White "Ostrovsky, Alexander"]
[Black "Yuferev, Oleg"]
[Result "0-1"]
[WhiteElo "2379"]
[BlackElo "2274"]
[PlyCount "120"]
[EventDate "2006.02.07"]
[EventType "swiss"]
[EventRounds "9"]
[EventCountry "RUS"]
[SourceTitle "EXT 2007"]
[Source "ChessBase"]
[SourceDate "2006.11.23"]
[SourceVersion "1"]
[SourceVersionDate "2006.11.23"]
[SourceQuality "1"]

1. c4 Nf6 2. Nc3 g6 3. g3 Bg7 4. Bg2 0-0 5. e4 e5 6. Nge2 Nc6 7. 0-0 d6 8. d3 Be6 9. Nd5 Qd7 10. Bh6 Nxd5 11. Bxg7 Ne3 12. Qc1 Kxg7 13. Qxe3 f5 14. exf5 Rxf5 15. g4 Rf7 16. h3 Re8 17. Rae1 d5 18. d4 dxc4 19. dxe5 Qd3 20. Qc5 h5 21. gxh5 Bxh3 22. h6+ Kh7 23. f4 Bxg2 24. Kxg2 Qe4+ 25. Kg1 b6 26. Qa3 g5 27. Qf3 Qxf3 28. Rxf3 Rxe5 29. fxe5 Rxf3 30. Nc3 Kxh6 31. Nd5 Rf5 32. Ne3 Rf4 33. Nd5 Rd4 34. Nxc7 Rd7 35. Nb5 Rd5 36. a4 Nxe5 37. Kg2 Rd2+ 38. Kg3 Rd3+ 39. Kg2 Rd2+ 40. Kg3 Nd3 41. Re6+ Kh5 42. Nc3 Nc5 43. Rc6 Rxb2 44. Nd5 Rb3+ 45. Kg2 Kg4 46. a5 Rb2+ 47. Kf1 Kf3 48. Rf6+ Ke4 49. Nc3+ Kd4 50. Ne2+ Ke5 51. Rf7 bxa5 52. Rxa7 Ra2 53. Nc3 Ra3 54. Nb5 Ra1+ 55. Ke2 Ne6 56. Ra8 Nd4+ 57. Nxd4 Kxd4 58. Rg8 Ra2+ 59. Kd1 Kc3 60. Rxg5 a4 0-1

[Event "RUS-ch"]
[Site "Sochi"]
[Date "1998.??.??"]
[Round "5"]
[White "Gumerov, Renant"]
[Black "Ostrovsky, Alexander"]
[Result "0-1"]
[WhiteElo "2275"]
[BlackElo "2335"]
[PlyCount "98"]
[EventDate "1998.??.??"]
[EventType "swiss"]
[EventRounds "9"]
[EventCountry "RUS"]
[SourceTitle "EXT 2000"]
[Source "ChessBase"]
[SourceDate "1999.11.16"]
[SourceVersion "1"]
[SourceVersionDate "1999.11.16"]
[SourceQuality "1"]

1. d4 c5 2. d5 e5 3. c4 d6 4. Nc3 Nf6 5. e4 Be7 6. Nge2 a6 7. a4 0-0 8. Ng3 Ne8 9. h4 g6 10. Bh6 Ng7 11. Qd2 Nd7 12. Be2 Nf6 13. h5 Kh8 14. hxg6 fxg6 15. Bxg7+ Kxg7 16. Qh6+ Kg8 17. Nd1 Qa5+ 18. Kf1 Bd7 19. Ra3 Rf7 20. Qc1 Raf8 21. Nc3 Qd8 22. Kg1 Ng4 23. Bxg4 Bxg4 24. f3 Bg5 25. Qe1 Bxf3 26. gxf3 Rxf3 27. Nd1 Qd7 28. Rxf3 Rxf3 29. Kg2 Qg4 30. Rf1 Bd2 31. Ne3 Bxe1 32. Rxf3 Qh4 33. Nef1 Qg5 34. Re3 Bd2 35. Rb3 Bf4 36. Kf2 h5 37. Ne2 h4 38. Rf3 Kg7 39. Nxf4 exf4 40. b4 cxb4 41. c5 dxc5 42. Nd2 b5 43. axb5 axb5 44. d6 c4 45. Ke2 Qe5 46. d7 Qd4 47. Rxf4 Qxd7 48. Rxh4 Qd3+ 49. Ke1 Qg3+ 0-1

[Event "RUS-ch"]
[Site "Sochi"]
[Date "1998.??.??"]
[Round "6"]
[White "Ostrovsky, Alexander"]
[Black "Bykhovsky, Anatoly A"]
[Result "1-0"]
[WhiteElo "2335"]
[BlackElo "2420"]
[PlyCount "65"]
[EventDate "1998.??.??"]
[EventType "swiss"]
[EventRounds "9"]
[EventCountry "RUS"]
[SourceTitle "EXT 2000"]
[Source "ChessBase"]
[SourceDate "1999.11.16"]
[SourceVersion "1"]
[SourceVersionDate "1999.11.16"]
[SourceQuality "1"]

1. c4 c6 2. d4 d5 3. cxd5 cxd5 4. Nc3 Nf6 5. Nf3 e6 6. Bf4 Nc6 7. e3 Bd6 8. Bxd6 Qxd6 9. Bd3 a6 10. 0-0 b5 11. Nd2 e5 12. dxe5 Nxe5 13. Be2 0-0 14. Nde4 Nxe4 15. Nxe4 Qd8 16. Nc5 Qd6 17. Rc1 Rd8 18. Qd4 Nc6 19. Qh4 Qe7 20. Qxe7 Nxe7 21. Rfd1 Ra7 22. Nb3 Kf8 23. Nd4 Ke8 24. Rc5 Bd7 25. Rdc1 Rc8 26. Bf3 Kd8 27. Rxc8+ Bxc8 28. Bxd5 f6 29. Ne6+ Bxe6 30. Bxe6 a5 31. e4 b4 32. f4 Ra6 33. Rd1+ 1-0

[Event "Ruse"]
[Site "Ruse"]
[Date "1988.??.??"]
[Round "?"]
[White "Popchev, Milko"]
[Black "Ostrovsky, Alexander"]
[Result "0-1"]
[WhiteElo "2470"]
[BlackElo "2400"]
[PlyCount "68"]
[EventDate "1988.??.??"]
[EventType "tourn"]
[EventRounds "9"]
[EventCountry "BUL"]
[SourceTitle "EXT 2004"]
[Source "ChessBase"]
[SourceDate "2003.11.25"]
[SourceVersion "1"]
[SourceVersionDate "2003.11.25"]
[SourceQuality "1"]

1. d4 Nf6 2. c4 d6 3. Nc3 Nbd7 4. e4 e5 5. d5 Be7 6. Be3 0-0 7. Bd3 Nc5 8. f3 Nh5 9. b4 Nxd3+ 10. Qxd3 Bg5 11. Nge2 a5 12. b5 b6 13. Bf2 f5 14. Be3 fxe4 15. Nxe4 Bf5 16. 0-0 Bxe3+ 17. Qxe3 Bxe4 18. Qxe4 Qg5 19. Rac1 Nf4 20. Ng3 Rf6 21. Qc2 Rg6 22. Rce1 Rf8 23. Rf2 Qh4 24. Re4 Rxg3 25. hxg3 Qxg3 26. Rd2 Rf6 27. c5 bxc5 28. b6 cxb6 29. Qa4 h5 30. Qd7 Rg6 31. Qc8+ Kh7 32. Qf5 b5 33. a4 b4 34. Kf1 Qh2 0-1